Vybrané kapitoly z hospodárskej geografie

Gespeichert in:
Bibliographische Detailangaben
1. Verfasser: Mišúnová, Ema
Körperschaft: Ekonomická univerzita v Bratislave. Národohospodárska fakulta
Weitere Verfasser: Vlčková, Viera
Format: Buch
Sprache:Slowakisch
Veröffentlicht: Bratislava Vydavateľstvo Ekonóm 2004
Schlagworte:
Tags: Tag hinzufügen
Keine Tags, Fügen Sie das erste Tag hinzu!

MARC

LEADER 00000nam a2200000 4500
001 0008608
005 20240502071353.8
020 |a 80-225-1810-7 
041 0 |a slo 
044 |a SK 
245 1 0 |a Vybrané kapitoly z hospodárskej geografie  |c Ema Mišúnová, Viera Vlčková 
264 1 |a Bratislava  |b Vydavateľstvo Ekonóm  |c 2004 
300 |a 319 s. 
610 2 0 |a geografia hospodárska 
610 2 0 |a podnebie 
610 2 0 |a zdroje prírodné 
610 2 0 |a obyvateľstvo 
610 2 0 |a populácia 
610 2 0 |a priemysel 
610 2 0 |a odvetvia priemyselné 
610 2 0 |a poľnohospodárstvo 
610 2 0 |a doprava 
610 2 0 |a turistika 
610 2 0 |a história 
610 2 0 |a obchod zahraničný 
610 2 0 |a regióny 
610 2 0 |a svet 
100 1 |a Mišúnová, Ema 
700 1 |a Vlčková, Viera 
710 2 |a Ekonomická univerzita v Bratislave. Národohospodárska fakulta